| 000 | nam a22 7a 4500 | ||
|---|---|---|---|
| 999 |
_c126959 _d126959 |
||
| 008 | 170919b xxu||||| |||| 00| 0 eng d | ||
| 050 | _aPR9369.3.K41 M9 | ||
| 100 |
_aKelueljang, Sirr Anai _935754 |
||
| 245 |
_aThe myth of freedom and other poems _c/ Sirr Anai Kelueljang |
||
| 260 |
_aNew Beacon Books Ltd. _bLondon _c1985 |
||
| 300 |
_a77p. ; _c22cm. |
||
| 942 |
_2lcc _cMONOGRAPH |
||